书目信息 |
| 题名: |
画法几何及水利工程制图习题集
|
|
| 作者: | 印翠凤 , 吴晓林 主编 | |
| 分册: | ||
| 出版信息: | 北京 高等教育出版社 2001.07 |
|
| 页数: | 67页 | |
| 开本: | 26cm | |
| 丛书名: | ||
| 单 册: | ||
| 中图分类: | TV222.1-44 | |
| 科图分类: | ||
| 主题词: | 水利工程--设计 , 热工水利学设计 | |
| 电子资源: | ||
| ISBN: | 7-04-009327-8 | |
| 000 | 00746nam0 2200241 45 | |
| 001 | 0254924476 | |
| 005 | 2002061115152433 | |
| 010 | @a7-04-009327-8@dRMB 16.00 | |
| 100 | @a20020611d2001 km y0chiy0120 ea | |
| 101 | 0 | @achi |
| 102 | @aCN@b110000 | |
| 200 | 1 | @a画法几何及水利工程制图习题集@Ahua fa ji he ji shui li gong cheng zhi tu xi ti ji@f印翠凤,吴晓林主编@Fyin cui feng,wu xiao lin zhu bian |
| 205 | @a4版 | |
| 210 | @a北京@c高等教育出版社@d2001.07 | |
| 215 | @a67页@d26cm | |
| 300 | @a高等学校教材 | |
| 606 | 0 | @a水利工程@x设计 |
| 606 | 0 | @a热工水利学设计 |
| 690 | @aTV222.1-44@v3 | |
| 701 | 0 | @a印翠凤@Ayin cui feng@4主编 |
| 701 | 0 | @a吴晓林@Awu xiao lin@4主编 |
| 801 | 0 | @aCN@bPFT@c20020611 |
| 905 | @a安徽大学@dTV222.1-44@eY611 | |
| 画法几何及水利工程制图习题集/印翠凤,吴晓林主编.-4版.-北京:高等教育出版社,2001.07 |
| 67页;26cm |
| 高等学校教材 |
| ISBN 7-04-009327-8:RMB 16.00 |
| ● |
| 相关链接 |
|
|
|
正题名:画法几何及水利工程制图习题集
索取号:TV222.1-44/Y611
 
预约/预借
| 序号 | 登录号 | 条形码 | 馆藏地/架位号 | 状态 | 备注 |
| 1 | 363170 | 203631702 | 自科库501/501自科库 77排1列4层/ [索取号:TV222.1-44/Y611] | 在馆 | |
| 2 | 363171 | 203631711 | 自科二线404/404自科库 30排1列2层/ [索取号:TV222.1-44/Y611] | 在馆 | |
| 3 | 363172 | 203631720 | 自科二线404/404自科库 30排1列2层/ [索取号:TV222.1-44/Y611] | 在馆 |